UBT Library

Children and poverty; (Record no. 41477)

000 -LEADER
fixed length control field 00611cam a22002171 4500
001 - CONTROL NUMBER
control field 758983
005 - DATE AND TIME OF LATEST TRANSACTION
control field 20180201041002.0
008 - FIXED-LENGTH DATA ELEMENTS--GENERAL INFORMATION
fixed length control field 700914s1968 ilu b 000 0 eng
010 ## - LIBRARY OF CONGRESS CONTROL NUMBER
LC control number 68016835
040 ## - CATALOGING SOURCE
Original cataloging agency DLC
Transcribing agency DLC
Modifying agency DLC
041 ## - LANGUAGE CODE
Language code of text/sound track or separate title eng
043 ## - GEOGRAPHIC AREA CODE
Geographic area code n-us---
080 ## - UNIVERSAL DECIMAL CLASSIFICATION NUMBER
Universal Decimal Classification number 301.4523
082 00 - DEWEY DECIMAL CLASSIFICATION NUMBER
Classification number 301.4523 RIN
100 1# - Rafti
Rafti 19
101 ## - Shkurtesa
Shkurtesa SHP
245 10 - TITLE STATEMENT
Title Children and poverty;
Statement of responsibility, etc edited by Nona Y. Glazer and Carol F. Creedon.
504 ## - BIBLIOGRAPHY, ETC. NOTE
Bibliography, etc Includes bibliographies.
906 ## - LOCAL DATA ELEMENT F, LDF (RLIN)
a 7
b cbc
c orignew
d u
e ncip
f 19
g y-gencatlg
942 ## - ADDED ENTRY ELEMENTS (KOHA)
Source of classification or shelving scheme
Item type Books
Holdings
Withdrawn status Lost status Source of classification or shelving scheme Damaged status Not for loan Collection code Permanent location Current location Shelving location Date acquired Total Checkouts Full call number Barcode Date last seen Price effective from Koha item type
          Koleksioni i përgjithshem UBT - Lipjan UBT - Lipjan Koleksioni i përgjithshem 02/01/2018   301.4523 RIN 002-2997660 02/01/2018 02/01/2018 Books
UBT Library © 2015-2024. All rights reserved University Education for Business and Technology